Statystyki dla Kraje cierpiące na protesty rolników

Kliknij tutaj aby rozwiązać quiz!

Ogólne statystyki

  • Ten quiz został rozwiązany 27 razy
  • Średni wynik to 5 z 7

Statystyki odpowiedzi

#Kraj% Poprawnych
4.Polska
100%
2.Francja
96%
1.Niemcy
96%
6.Czechy
85%
3.Włochy
70%
7.Węgry
52%
5.Grecja
26%

Rozkład punktacji

Percentyl według liczby udzielonych odpowiedzi

Procent ludzi z każdym wynikiem

Twoja historia wyników

Nie rozwiązałeś tego quizu